|
|
|
|
| LEADER |
00907nam a2200253 a 4500 |
| 001 |
000405293 |
| 003 |
CZ BrMZK |
| 005 |
19990305143423.0 |
| 007 |
ta |
| 008 |
990305s1986 xo f slo d |
| 040 |
|
|
|a BOA001
|b cze
|
| 080 |
|
|
|a 830-31=854
|2 MRF
|
| 100 |
1 |
|
|a Wassermann, Jakob,
|d 1873-1934
|7 jn19990008938
|4 aut
|
| 245 |
1 |
0 |
|a Husiarik /
|c Jakob Wassermann ; Z nem. orig. prel. Katarína Salayová ; Dosl. napís. Ivan Cvrkal
|
| 250 |
|
|
|a 1. vyd.
|
| 260 |
|
|
|a Bratislava :
|b Slovenský spisovateľ,
|c 1986
|
| 300 |
|
|
|a 445 s.
|
| 490 |
1 |
|
|a Spoločnosť priateľov krásnych kníh ;
|v Zv. 469
|
| 700 |
1 |
|
|a Salayová, Katarína
|4 trl
|
| 765 |
0 |
|
|t <<Das >>Gänsemänchen
|
| 830 |
|
0 |
|a Spoločnosť priateľov krásnych kníh (Slovenský spisovateľ)
|0 s
|
| 910 |
|
|
|a BOA001
|b 2-0914.061
|
| 990 |
|
|
|a BK
|
| 996 |
7 |
|
|b 2619756758
|c 2-0914.061
|l MZK
|r Sklad / do 1 hodiny
|n 2
|w 000405293
|u 000010
|a 1
|e BOA001
|j MZK50
|s A
|